000 00409nam a22001697a 4500
003 MPLRDC
005 20220104125225.0
008 210129b ||||| |||| 00| 0 eng d
082 _a857.9 LCY-18 v.2
100 _a柳残阳
245 _a火符. 下
_c
260 _a
_b毅力出版社
_c
300 _b
490 _a柳残阳小说专辑. 41
650 _a武侠小说
942 _cBK
_o857.9 LCY-18 v.2
999 _c25653
_d25643